000
00217 a2200097 4500
001
59800
100
_a
245
_a
Rahat Ka Daster Khawn (Urdu)
260
_a
Lahore
_b
Sana Publications
_c
2009
090
_c
36648
_d
36648
942
_a
NUST-CAE
_c
_c
29611
999
_c
294873
_d
294873